The effectiveness of using language games in teaching and learning grammar practice in grade 11 at Thien Ho Duong High School B.A Thesis. Major: English Pedagogy. Degree: Bachelor of Art

সংরক্ষণ করুন:
গ্রন্থ-পঞ্জীর বিবরন
প্রধান লেখক: Nguyen, Le Dan Thuy
অন্যান্য লেখক: Le, Hong Phuong Thao
বিন্যাস: গবেষণাপত্র সজ্জা গ্রন্থ
ভাষা:Vietnamese
প্রকাশিত: Dong Thap Dong Thap University 2011
বিষয়গুলি:
ট্যাগগুলো: ট্যাগ যুক্ত করুন
কোনো ট্যাগ নেই, প্রথমজন হিসাবে ট্যাগ করুন!
Thư viện lưu trữ: Trung tâm Học liệu Lê Vũ Hùng, Trường Đại học Đồng Tháp
LEADER 01219ppm a22003618a 4500
001 00031843
005 20171026081025.0
008 140303s2011 ||||||viesd
041 0 # |a vie 
082 1 4 |b E201O  |a 428 
100 0 # |a Nguyen, Le Dan Thuy 
245 1 0 |b B.A Thesis. Major: English Pedagogy. Degree: Bachelor of Art  |c Nguyen Le Dan Thuy; Le Hong Phuong Thao (supervisor)  |a The effectiveness of using language games in teaching and learning grammar practice in grade 11 at Thien Ho Duong High School 
260 # # |a Dong Thap  |b Dong Thap University  |c 2011 
300 # # |c 30 cm.  |e 1 summary of B.A Thesis  |a 46 tr. 
500 # # |a ĐTTTS ghi: Ministry of Education and Training. Dong thap University 
653 # # |a Dạy học 
653 # # |a Học sinh 
653 # # |a Trung học phổ thông 
653 # # |a Tiếng Anh 
653 # # |a Thien Ho Duong 
653 # # |a Ngữ pháp 
653 # # |a Lớp 10 
700 1 # |a Le, Hong Phuong Thao  |e Supervisor 
852 # # |j KD.0015613 
852 # # |b Kho đọc  |j KD.0015613 
910 0 # |d 11/03/2014 
980 # # |a Trung tâm Học liệu Lê Vũ Hùng, Trường Đại học Đồng Tháp